| 000 | 00661nam a2200217Ia 4500 | ||
|---|---|---|---|
| 001 | 74716 | ||
| 003 | 149446 | ||
| 005 | 20250708062543.0 | ||
| 008 | ||||||n9999 ||| || || | ||
| 245 | 0 | _aUn impuesto al uso del ambiente | |
| 562 | _e1 | ||
| 650 | 0 |
_aEducación ambiental _943222 |
|
| 650 |
_aESPECIALIZACIÓN EN FINANZAS PÚBLICAS--TESIS Y DISERTACIONES ACADÉMICAS _934486 |
||
| 650 | 0 |
_aGestión ambiental _918584 |
|
| 650 |
_aIMPUESTOS _996412 |
||
| 650 |
_aMEDIO AMBIENTE _996413 |
||
| 650 | 0 |
_aPolítica ambiental _92437 |
|
| 650 |
_aRECUPERACION AMBIENTAL _926382 |
||
| 650 |
_aTESIS Y DISERTACIONES ACADÉMICAS _996414 |
||
| 942 | _cTESIS | ||
| 999 |
_c74716 _d74716 |
||